| 000 | 00720nam a22002297a 4500 | ||
|---|---|---|---|
| 005 | 20141204122509.0 | ||
| 008 | 141204t2013 ii a frb 001 0 eng d | ||
| 020 | _a9789350253793 | ||
| 040 | _aEG-ScBUE | ||
| 082 | 0 | 0 |
_222 _a610.730711 _bSUD |
| 100 | 1 |
_aSudha, R. _936804 |
|
| 245 | 1 | 0 |
_aNursing education : _bprinciples and concepts / _cR. Sudha. |
| 260 |
_aNew Delhi : _bJaypee Brothers Medical Publishers, _cc.2013. |
||
| 300 |
_axiv, 423 p. : _bill. ; _c28 cm. |
||
| 500 | _aIncludes appendixes. | ||
| 500 | _aIndex : p. 417-423. | ||
| 504 | _aBibliography : p. 415-416. | ||
| 650 | 2 | 0 |
_936292 _aEducation, Nursing |
| 653 |
_bNNUR _cDecember2014 |
||
| 655 |
_vreading book _934232 |
||
| 942 |
_2ddc _k610.730711 SUD |
||
| 999 |
_c18722 _d18694 |
||